2011-2012 Taiwan bicycle source.
| Format: | Book |
|---|---|
| Published: |
Changhua:
wheel Giant,
2011.
|
| Subjects: |
| LEADER | 00389cam a2200133 7i4500 | ||
|---|---|---|---|
| 001 | 0000026570 | ||
| 005 | 20110705090000.0 | ||
| 090 | 0 | 0 | |a TAIW 629.2025 |b TAI |
| 245 | 0 | 0 | |a 2011-2012 Taiwan bicycle source. |
| 260 | 0 | 0 | |a Changhua: |b wheel Giant, |c 2011. |
| 300 | # | # | |a 423p. |
| 650 | 0 | 0 | |a Bicycles -- |x Markets -- |z Taiwan |
| 651 | 0 | 0 | |a Taiwan |
| 999 | |a 0000028504 |b Directories |c Countries |e Business Information Centre | ||